| 000 | 00994nam a22003017a 4500 | ||
|---|---|---|---|
| 001 | 5285 | ||
| 003 | FISKH | ||
| 005 | 20241122151431.0 | ||
| 008 | 241122b cb ||||| |||| 00| 0 eng d | ||
| 020 | _a9780439744522 | ||
| 040 |
_aFISKH _beng _cFISKH _dFISKH |
||
| 050 | _aBJ1661.C295 | ||
| 082 | _a158.1280835 | ||
| 100 | _aCanfield, Jack | ||
| 245 |
_aChicken Soup for the Teenage Soul IV / _cby Jack Canfield, Mitch Claspy, Mark Victor Hansen, Kimberly Kirberger |
||
| 250 | _aFirst Scholastic printing, January 2005 | ||
| 260 |
_aNew York : _bScholastic ; _c2004. |
||
| 300 |
_a337 pages : _billustrations ; _c22 cm . |
||
| 505 | _aS | ||
| 520 | _aInspirational stories on life, love, and learning for teens, including contributions by teens. | ||
| 521 | 8 |
_a840
_bLexile |
|
| 521 | 8 |
_aS
_bRaz-Plus |
|
| 650 |
_aChicken Soup _vnon-fiction |
||
| 650 |
_ainspirational _vnon-fiction |
||
| 700 |
_aKirberger, Jesse _eartist |
||
| 942 |
_2ddc _cBK _n0 |
||
| 999 |
_c5285 _d5285 |
||